| 000 | 00527nam a22002057a 4500 | ||
|---|---|---|---|
| 003 | OSt | ||
| 005 | 20140310182828.0 | ||
| 008 | 130530t xxu||||| |||| 00| 0 eng d | ||
| 020 | _a9780801072116 | ||
| 050 |
_aBR 121.3 _b.Sa192 2012 |
||
| 082 |
_aM 239 _bS259 2012 |
||
| 245 |
_a7 Truths that change the world _cSamples, Kenneth Richard |
||
| 260 |
_aMichigan _bBaker Books _c2012 |
||
| 300 |
_a237 p. _c23 cm |
||
| 521 | _aCollege | ||
| 526 | _c1210L-1700L | ||
| 541 | _j1 | ||
| 562 | _e1 | ||
| 942 |
_2lcc _cBK _kM |
||
| 999 |
_c16543 _d16543 |
||